Vista normal
Vista MARC
Entrada Materia (tema)
Número de registros utilizados en: 1
001 - CONTROL NUMBER
- control field: 57423
003 - CONTROL NUMBER IDENTIFIER
- control field: Co-BoUCM
005 - DATE AND TIME OF LATEST TRANSACTION
- control field: 20140227113359.0
008 - FIXED-LENGTH DATA ELEMENTS
- fixed length control field: 140227|| aca||aabn | a|a d
040 ## - CATALOGING SOURCE
- Original cataloging agency: Co-BoUCM
- Transcribing agency: Co-BoUCM
150 ## - HEADING--TOPICAL TERM
- Topical term or geographic name as entry element: Afrodescendientes
- General subdivision: Cultura
- Geographic subdivision: Cartagena de Indias (Bolívar, Colombia)
- Form subdivision: DVD
670 ## - SOURCE DATA FOUND
- Source citation: Work cat.: (Co-BoUCM)239543: Universidad de Cartagena 4709, Cartagena de Indias, 2013